[Event "Nordic Girls CC 2025 U13"]
[Site "Fredericia"]
[Date "2025.04.25"]
[Round "1.1"]
[White "Hagen, Frida Bjerregaard"]
[Black "Skibina, Miroslava"]
[Result "1-0"]
[WhiteElo "1804"]
[BlackElo "1427"]
[EventDate "2025.04.25"]
[EventType "swiss"]
[EventRounds "5"]
[EventCountry "DEN"]
[SourceTitle "Live v. Kasper Jerwiarz"]

1. e4 d5 2. exd5 Qxd5 3. Nc3 Qd6 4. d4 e5 5. dxe5 Qxd1+ 6. Kxd1 f6 7. Bf4 Nc6 8. Bb5 Bd7 9. Nf3 Nxe5 10. Nxe5 fxe5 11. Bxe5 Kd8 12. Ke2 Bd6 13. Bxg7 Bxb5+ 14. Nxb5 Kd7 15. Bxh8 Re8+ 16. Kd2 Bf4+ 17. Kd1 Nh6 18. Bd4 a6 19. Nc3 Re6 20. g3 Rd6 21. gxf4 Rxd4+ 22. Ke2 Rxf4 23. Rad1+ Ke6 24. h3 c6 25. Rhe1 Kf5 26. Rd7 Rh4 27. Rh1 Kg6 28. Rxb7 Ng4 29. Rg1 Rxh3 30. Rxg4+ Kf5 31. Rg3 Rh6 32. Rgg7 Re6+ 33. Kf1 Kf4 34. Rbf7+ Ke5 35. Rxh7 Rd6 36. Rh5+ Ke6 37. Rh6+ Kxf7 38. Rxd6 Ke7 39. Rxc6 Kd7 40. Rxa6 Kc7 41. f4 Kd7 42. f5 Ke7 43. b4 Kd7 44. b5 Kc7 45. f6 Kd7 46. b6 Kc8 47. f7 Kd7 48. f8=Q Ke6 49. b7+ Kd7 50. Rd6+ Kc7 51. b8=Q# 1-0

[Event "Nordic Girls CC 2025 U13"]
[Site "Fredericia"]
[Date "2025.04.25"]
[Round "1.2"]
[White "Prokofieva, Alexandra"]
[Black "Larsen, Maja Harbo"]
[Result "0-1"]
[WhiteElo "1425"]
[BlackElo "1639"]
[EventDate "2025.04.25"]
[EventType "swiss"]
[EventRounds "5"]
[EventCountry "DEN"]
[SourceTitle "Live v. Kasper Jerwiarz"]

1. e4 c6 2. d4 d5 3. e5 Bf5 4. Nf3 e6 5. c4 Nd7 6. b3 Bb4+ 7. Bd2 Qa5 8. a3 Bxd2+ 9. Nbxd2 Ne7 10. b4 Qc7 11. c5 O-O 12. Be2 b6 13. Nb3 bxc5 14. bxc5 Rab8 15. O-O Qb7 16. Nc1 Ng6 17. Bd3 Bxd3 18. Qxd3 f6 19. Na2 fxe5 20. Ng5 Rf6 21. Rae1 Qb2 22. Nc3 Rb3 23. Na4 Qxa3 24. Qa6 Rb4 25. Ra1 Qb3 26. Qxc6 Ndf8 27. dxe5 Rff4 28. Nxe6 Rxa4 29. Rxa4 Rxa4 30. Qd6 Re4 31. f4 Qe3+ 32. Kh1 Qe1 33. Rg1 Qf2 34. Ng5 Rxf4 35. Qxd5+ Kh8 36. c6 Ne7 37. Qd8 Nxc6 38. Qd5 Nd4 39. Nh3 Qe3 40. Nxf4 Qxf4 41. h3 Ne2 42. g3 Nxg3+ 43. Rxg3 Qxg3 44. Qf7 Qxh3+ 45. Kg1 Qc8 46. Qe7 Ng6 47. Qd6 Qc1+ 48. Kf2 Qf4+ 49. Kg1 Qe3+ 50. Kh1 Qe4+ 51. Kg1 h6 52. e6 Qe1+ 53. Kh2 a5 54. Qd8+ Kh7 55. Qd6 Qf2+ 56. Kh1 Nf4 57. Qc6 Qe1+ 58. Kh2 Qxe6 59. Qc2+ Qg6 60. Qf2 Qh5+ 61. Kg3 Ne2+ 62. Kg2 Qg4+ 63. Kf1 Qg1+ 64. Kxe2 Qxf2+ 65. Kxf2 g5 66. Ke2 g4 67. Kf2 a4 68. Kg3 a3 69. Kxg4 a2 70. Kf4 a1=Q 71. Ke4 Qd1 72. Ke3 h5 73. Kf2 Qg4 74. Kf1 h4 75. Kf2 h3 76. Kf1 h2 77. Kf2 h1=R 78. Ke3 Rh3+ 79. Kf2 Qf3+ 80. Ke1 Qg2 81. Kd1 Rh1# 0-1

[Event "Nordic Girls CC 2025 U13"]
[Site "Fredericia"]
[Date "2025.04.25"]
[Round "1.3"]
[White "Lallukka, Eloisa"]
[Black "Sigurdardottir, Sigrun Tara"]
[Result "1/2-1/2"]
[WhiteElo "1635"]
[BlackElo "1421"]
[EventDate "2025.04.25"]
[EventType "swiss"]
[EventRounds "5"]
[EventCountry "DEN"]
[SourceTitle "Live v. Kasper Jerwiarz"]

1. e4 e6 2. d4 d5 3. exd5 exd5 4. Nf3 Nf6 5. Bg5 c6 6. Be2 Be7 7. O-O O-O 8. h3 Be6 9. c3 h6 10. Bh4 Ne4 11. Bxe7 Qxe7 12. Nbd2 Nxd2 13. Qxd2 Nd7 14. Bd3 Nf6 15. Rfe1 Qd6 16. Ne5 Rfe8 17. Rad1 Nd7 18. f4 Nxe5 19. fxe5 Qd8 20. Rf1 Rf8 21. Bf5 Qe7 22. Rf2 f6 23. Bxe6+ Qxe6 24. exf6 Rxf6 25. Rxf6 Qxf6 26. Rf1 Qd6 27. Qf4 Qxf4 28. Rxf4 Re8 29. Kf2 g5 30. Rf3 Kg7 31. Re3 Rxe3 32. Kxe3 Kf6 33. g4 Kg6 34. Kd3 Kf6 35. b3 Ke6 36. c4 b6 37. a3 Kd6 38. Kc3 a6 39. a4 c5 40. Kd3 a5 41. Kc3 Kc6 42. Kd3 dxc4+ 43. bxc4 cxd4 1/2-1/2

[Event "Nordic Girls CC 2025 U13"]
[Site "Fredericia"]
[Date "2025.04.25"]
[Round "1.4"]
[White "Morkore, Natasja"]
[Black "Berglindardottir, Emilia Embla B"]
[Result "1/2-1/2"]
[WhiteElo "1411"]
[BlackElo "1604"]
[EventDate "2025.04.25"]
[EventType "swiss"]
[EventRounds "5"]
[EventCountry "DEN"]
[SourceTitle "Live v. Kasper Jerwiarz"]

1. e4 e6 2. d4 d5 3. exd5 exd5 4. Nf3 Nf6 5. Bg5 Bg4 6. Nc3 c6 7. Qe2+ Qe7 8. Bxf6 Qxe2+ 9. Bxe2 gxf6 10. O-O-O Bh6+ 11. Kb1 O-O 12. h3 Bh5 13. g4 Bg6 14. h4 Nd7 15. Rhg1 b5 16. g5 Bg7 17. gxf6 Nxf6 18. Ne5 Rac8 19. Bd3 Ne4 20. Nxe4 Bxe4 21. Bxe4 dxe4 22. Rg4 f5 23. Rg2 Kh8 24. Rdg1 Bxe5 25. dxe5 f4 26. Re1 Rcd8 27. a3 Rd4 28. c3 Rc4 29. Kc2 Re8 30. b3 Rc5 31. Rxe4 Rcxe5 32. Rxe5 Rxe5 33. Kd3 h5 34. Rg6 c5 35. Ra6 Re7 36. Rh6+ Kg7 37. Rxh5 Rc7 38. c4 Rd7+ 39. Kc3 bxc4 40. Kxc4 Rd2 41. Kxc5 Rxf2 42. Kd4 Ra2 43. a4 f3 44. Rg5+ Kh6 45. Rg1 Rg2 46. Rf1 Rg4+ 47. Ke3 Rb4 48. Rb1 Rxh4 49. Kxf3 Rd4 50. Rh1+ Kg5 51. Rg1+ Kf6 52. Rb1 a5 53. Ke3 1/2-1/2

[Event "Nordic Girls CC 2025 U13"]
[Site "Fredericia"]
[Date "2025.04.25"]
[Round "1.5"]
[White "Chen, Isabella"]
[Black "Vesterbaek, Mathilde Rath"]
[Result "1-0"]
[WhiteElo "1597"]
[BlackElo "1604"]
[EventDate "2025.04.25"]
[EventType "swiss"]
[EventRounds "5"]
[EventCountry "DEN"]
[SourceTitle "Live v. Kasper Jerwiarz"]

1. e4 e5 2. Nf3 Nc6 3. d4 exd4 4. Nxd4 Bc5 5. Be3 Bb6 6. Bc4 Nf6 7. Nc3 O-O 8. Nxc6 bxc6 9. Bxb6 cxb6 10. O-O h6 11. e5 Nh7 12. Re1 Re8 13. Qh5 Qe7 14. Ne4 Rf8 15. Nd6 Ng5 16. f4 Ne6 17. f5 Qg5 18. Qxg5 Nxg5 19. h4 Nh7 20. Re3 b5 21. Bb3 a6 22. Rg3 c5 23. Bd5 Rb8 24. f6 Ng5 25. hxg5 hxg5 26. Rxg5 Kh7 27. Rxg7+ Kh6 28. Kf2 a5 29. Rh1# 1-0

[Event "Nordic Girls CC 2025 U13"]
[Site "Fredericia"]
[Date "2025.04.25"]
[Round "1.6"]
[White "Jensen, Melina Hjort Osterskov"]
[Black "Karlsdottir, Harpa Hrafney"]
[Result "0-1"]
[WhiteElo "1500"]
[BlackElo "1587"]
[EventDate "2025.04.25"]
[EventType "swiss"]
[EventRounds "5"]
[EventCountry "DEN"]
[SourceTitle "Live v. Kasper Jerwiarz"]

1. e4 e5 2. Nf3 Nc6 3. Nc3 Bc5 4. Bc4 d6 5. d3 Nf6 6. O-O Bg4 7. Nd5 Nxd5 8. Bxd5 Nd4 9. c3 Nxf3+ 10. gxf3 Bh3 11. Re1 Qh4 12. Re2 O-O-O 13. Qd2 Qh5 14. Qg5 Qxf3 15. Be3 Qxe2 16. Bxc5 dxc5 17. Bxf7 Qf3 18. Bh5 Qxd3 19. Bg4+ Bxg4 20. Qxg4+ Kb8 21. a4 Rhf8 22. Qxg7 Rg8 23. Qxg8 Rxg8+ 24. Kh1 Qf3# 0-1

[Event "Nordic Girls CC 2025 U13"]
[Site "Fredericia"]
[Date "2025.04.25"]
[Round "1.7"]
[White "Zhong, Qianru"]
[Black "Sinding, Mille"]
[Result "1/2-1/2"]
[WhiteElo "1590"]
[BlackElo "1500"]
[EventDate "2025.04.25"]
[EventType "swiss"]
[EventRounds "5"]
[EventCountry "DEN"]
[SourceTitle "Live v. Kasper Jerwiarz"]

1. d4 d6 2. c4 Nf6 3. Nf3 g6 4. Nc3 Bg7 5. Bg5 O-O 6. e4 Nc6 7. Be2 b6 8. O-O Bb7 9. Re1 Nb4 10. a3 Na6 11. Bd3 c5 12. d5 Qd7 13. h3 e6 14. Qd2 Nc7 15. Bc2 a6 16. Rad1 b5 17. cxb5 axb5 18. dxe6 fxe6 19. Qxd6 Qxd6 20. Rxd6 Ra6 21. Red1 b4 22. Bxf6 Bxf6 23. axb4 cxb4 24. Na4 Bxe4 25. Bxe4 Rxa4 26. Rc6 Ra7 27. b3 Re8 28. h4 Nb5 29. Rb6 Nc3 30. Re1 Ra2 31. Rxb4 Be7 32. Rc4 Nxe4 33. Rcxe4 Bd6 34. Ne5 Bc5 35. Nd3 Bd6 36. Rxe6 Rxe6 37. Rxe6 Ra1+ 38. Re1 Rxe1+ 39. Nxe1 Kf7 40. Kf1 Ke6 41. Ke2 Kd5 42. Kd3 Kc5 43. Nc2 Kb5 44. g4 Kc5 45. Ke4 Kc6 46. f4 Kd7 47. f5 Ke7 48. fxg6 hxg6 49. h5 gxh5 50. gxh5 Kf6 51. Nd4 Kg5 52. h6 Kg6 53. Nf5 Ba3 54. Kf4 Bb4 55. Ke4 Ba3 56. Nd4 Kxh6 57. Nb5 Bb4 58. Kd5 Kh5 59. Kc4 Ba5 60. Nc3 Kh4 1/2-1/2

[Event "Nordic Girls CC 2025 U13"]
[Site "Fredericia"]
[Date "2025.04.25"]
[Round "1.8"]
[White "Harpsoe, Naya"]
[Black "Le, Ha Tran Dieu"]
[Result "0-1"]
[WhiteElo "1451"]
[BlackElo "1586"]
[EventDate "2025.04.25"]
[EventType "swiss"]
[EventRounds "5"]
[EventCountry "DEN"]
[SourceTitle "Live v. Kasper Jerwiarz"]

1. e4 e5 2. Nf3 Nc6 3. Bb5 d6 4. d4 exd4 5. Nxd4 Bd7 6. Nc3 Nf6 7. Nxc6 bxc6 8. Bc4 Be7 9. O-O O-O 10. h3 Be6 11. Bd3 h6 12. f4 Re8 13. f5 Bd7 14. Qf3 Nh7 15. Be3 Bg5 16. Bf2 Bf6 17. Be1 Rb8 18. Rb1 Ng5 19. Qh5 Nh7 20. Bc4 Qe7 21. Qe2 d5 22. Bd3 Ng5 23. h4 Nxe4 24. Bxe4 dxe4 25. b3 Bxc3 26. Bxc3 Qc5+ 27. Qf2 Qxc3 28. Qxa7 Qe5 29. g4 e3 30. Rbe1 Ra8 31. Rxe3 Qxe3+ 32. Qxe3 Rxe3 33. a4 Rg3+ 34. Kh2 Rxg4 35. Kh3 Re4 36. Kg3 Re2 37. f6 Rae8 38. Ra1 R8e3+ 39. Kf4 Re4+ 40. Kf3 Bg4+ 41. Kg3 R2e3+ 42. Kf2 Rf3+ 43. Kg1 Re2 44. Rf1 Rg3+ 45. Kh1 Bf3+ 46. Rxf3 Rxf3 47. Kg1 Rxc2 48. fxg7 Rxb3 49. h5 Rb1# 0-1

[Event "Nordic Girls CC 2025 U13"]
[Site "Fredericia"]
[Date "2025.04.25"]
[Round "1.9"]
[White "Xin, Lisa J"]
[Black "Andersen, Andrea Kildebjerg"]
[Result "1-0"]
[WhiteElo "1562"]
[BlackElo "1363"]
[EventDate "2025.04.25"]
[EventType "swiss"]
[EventRounds "5"]
[EventCountry "DEN"]
[SourceTitle "Live v. Kasper Jerwiarz"]

1. d4 d5 2. Nf3 Nc6 3. e3 Nf6 4. Bd3 e6 5. a3 Bd6 6. b3 O-O 7. Bb2 b6 8. Nbd2 Bb7 9. O-O Qe7 10. Ne5 Rfd8 11. f4 g6 12. Qe2 Qf8 13. Ndf3 Qh6 14. Ng5 Bxe5 15. Nxf7 Kxf7 16. fxe5 Rf8 17. Rxf6+ Ke7 18. Raf1 Rxf6 19. Rxf6 Rf8 20. Qf2 Qg7 21. Rxf8 Qxf8 22. Qh4+ Ke8 23. Qxh7 Kd8 24. Qxg6 Nb4 25. axb4 Qxb4 26. Qf6+ Ke8 27. Qxe6+ Kf8 28. Qf6+ Ke8 29. Bg6+ Kd7 30. e6+ Kc8 31. Qh8+ 1-0

[Event "Nordic Girls CC 2025 U13"]
[Site "Fredericia"]
[Date "2025.04.25"]
[Round "1.10"]
[White "Skytte, Amanda"]
[Black "Jacobsen, Ane Elisabeth"]
[Result "0-1"]
[WhiteElo "1335"]
[BlackElo "1544"]
[EventDate "2025.04.25"]
[EventType "swiss"]
[EventRounds "5"]
[EventCountry "DEN"]
[SourceTitle "Live v. Kasper Jerwiarz"]

1. e4 c6 2. Nf3 d5 3. Nc3 Bg4 4. Be2 dxe4 5. Nxe4 Nd7 6. O-O Ngf6 7. Nxf6+ Nxf6 8. d4 e6 9. Bg5 Be7 10. h3 Bh5 11. Qd2 h6 12. Bh4 O-O 13. Rfe1 Qc7 14. Rad1 Rad8 15. Bxf6 Bxf6 16. Qd3 Bg6 17. Qd2 c5 18. c3 cxd4 19. cxd4 Qb6 20. Rf1 Rd6 21. h4 Rfd8 22. Rfe1 Bxd4 23. Nxd4 Rxd4 24. Qc1 Rxd1 25. Rxd1 Rxd1+ 26. Qxd1 Qxb2 27. Qd8+ Kh7 28. Bf3 Qxa2 29. h5 Qb1+ 30. Kh2 Be4 31. Bxe4+ Qxe4 32. f3 Qe5+ 33. Kh1 Qxh5+ 34. Kg1 Qg5 35. Qd3+ Qg6 36. Qe3 Qb1+ 37. Kh2 Qb6 38. Qd2 a5 39. Qc2+ g6 40. Qd2 a4 41. Qd7 Kg7 0-1

[Event "Nordic Girls CC 2025 U13"]
[Site "Fredericia"]
[Date "2025.04.25"]
[Round "1.11"]
[White "Ostafiev, Sara"]
[Black "Jensen, Helena Egilstrod"]
[Result "1-0"]
[WhiteElo "1529"]
[BlackElo "1331"]
[EventDate "2025.04.25"]
[EventType "swiss"]
[EventRounds "5"]
[EventCountry "DEN"]
[SourceTitle "Live v. Kasper Jerwiarz"]

1. e4 e5 2. Nf3 Nc6 3. Bc4 Nf6 4. Nc3 Bc5 5. d3 Bb6 6. Bg5 h6 7. Bh4 g5 8. Bg3 d6 9. h4 g4 10. Nd2 Bd4 11. h5 Bd7 12. Bh4 Nb4 13. a3 Bxc3 14. bxc3 Nc6 15. d4 exd4 16. cxd4 Nxd4 17. e5 dxe5 18. Ne4 Bc6 19. Nxf6+ Kf8 20. Nh7+ Rxh7 21. Bxd8 Rxd8 22. Kf1 Be4 23. c3 Nc6 24. Qe2 Bf5 25. Rd1 Re8 26. Bd3 e4 27. Re1 Re5 28. Bb5 Nd8 29. f3 Rg7 30. fxe4 Bxe4 31. Qd2 Ne6 32. Qd7 Rg8 33. Bc4 Bc6 34. Qd2 Be4 35. Bxe6 Rxe6 36. Qd4 Bf5 37. Qd8+ Kg7 38. Qd4+ Kf8 39. Rxe6 Bxe6 40. Qd8+ Kg7 41. Qxc7 Rc8 42. Qxb7 Kg8 43. Kf2 Rxc3 44. Rd1 g3+ 45. Kg1 Bg4 46. Rd8+ Kg7 47. Qb2 Bxh5 48. Qxc3+ f6 49. Qxg3+ Kf7 50. Qg8+ Ke7 51. Qf8+ Ke6 52. Rd6+ Kf5 53. Qxf6+ Kg4 54. Rd4+ Kg3 55. Qh4# 1-0

[Event "Nordic Girls CC 2025 U13"]
[Site "Fredericia"]
[Date "2025.04.25"]
[Round "1.13"]
[White "Tomasdottir, Katrin Osk"]
[Black "Hagen, Vilje Bjerregaard"]
[Result "1-0"]
[WhiteElo "1481"]
[BlackElo "1200"]
[EventDate "2025.04.25"]
[EventType "swiss"]
[EventRounds "5"]
[EventCountry "DEN"]
[SourceTitle "Live v. Kasper Jerwiarz"]

1. d4 d5 2. c4 e6 3. Nc3 Nf6 4. Nf3 Be7 5. Bg5 h6 6. Bxf6 Bxf6 7. e3 O-O 8. cxd5 exd5 9. Bd3 Nc6 10. O-O Bd7 11. Rc1 Qc8 12. Bc2 Bg4 13. Nxd5 a6 14. Qd3 g6 15. Nxf6+ Kh8 16. Qe4 Nb4 17. Nxg4 h5 18. Nf6 Nxc2 19. Rxc2 b6 20. Qf4 Rd8 21. Qh6# 1-0

[Event "Nordic Girls CC 2025 U13"]
[Site "Fredericia"]
[Date "2025.04.25"]
[Round "1.14"]
[White "Efimova, Paulina"]
[Black "Zhu, Stella"]
[Result "0-1"]
[WhiteElo "1200"]
[BlackElo "1448"]
[EventDate "2025.04.25"]
[EventType "swiss"]
[EventRounds "5"]
[EventCountry "DEN"]
[SourceTitle "Live v. Kasper Jerwiarz"]

1. e4 e6 2. d4 d5 3. exd5 exd5 4. c3 Bd6 5. Nf3 Nf6 6. Bg5 Bf5 7. Nbd2 Nbd7 8. Be2 c6 9. O-O O-O 10. Nb3 Re8 11. Bd3 Bxd3 12. Qxd3 Qc7 13. h3 Ne4 14. Be3 h6 15. Nbd2 Ndf6 16. Rfe1 b5 17. Nb3 b4 18. Rac1 a5 19. Nc5 bxc3 20. bxc3 Bxc5 21. dxc5 Rab8 22. Rb1 Nd7 23. Bd4 Ndxc5 24. Bxc5 Nxc5 25. Qd4 Rxe1+ 26. Rxe1 Ne6 27. Qg4 Rb2 28. Ra1 Qb6 29. Qf5 Qxf2+ 0-1

[Event "Nordic Girls CC 2025 U13"]
[Site "Fredericia"]
[Date "2025.04.25"]
[Round "1.15"]
[White "Sinitsyna, Julia"]
[Black "Fleischer, Sofie Emilie Jilso"]
[Result "1-0"]
[WhiteElo "1436"]
[BlackElo "1200"]
[EventDate "2025.04.25"]
[EventType "swiss"]
[EventRounds "5"]
[EventCountry "DEN"]
[SourceTitle "Live v. Kasper Jerwiarz"]

1. c4 g6 2. Nc3 a6 3. g3 c6 4. Bg2 b5 5. cxb5 axb5 6. Nxb5 cxb5 7. Bxa8 d6 8. Bg2 e5 9. e3 f6 10. Ne2 h5 11. b3 Rh7 12. Bb2 Bb7 13. Bxb7 Rxb7 14. Rc1 Rc7 15. Rxc7 Qxc7 16. Qc1 Bh6 17. Qxc7 Kf8 18. Qxb8+ Kg7 19. Qc7+ Ne7 20. Qxe7+ Kh8 21. Qxf6+ Bg7 22. Qxg6 Kg8 23. O-O d5 24. Bxe5 Kf8 25. Qxg7+ Ke8 26. Rc1 Kd8 27. Bf6+ Ke8 28. Qe7# 1-0

[Event "Nordic Girls CC 2025 U13"]
[Site "Fredericia"]
[Date "2025.04.26"]
[Round "2.1"]
[White "Jacobsen, Ane Elisabeth"]
[Black "Hagen, Frida Bjerregaard"]
[Result "1-0"]
[WhiteElo "1544"]
[BlackElo "1804"]
[EventDate "2025.04.25"]
[EventType "swiss"]
[EventRounds "5"]
[EventCountry "DEN"]
[SourceTitle "Live v. Kasper Jerwiarz"]

1. c4 e6 2. g3 d5 3. Bg2 Nf6 4. cxd5 exd5 5. Nc3 c6 6. d4 Bf5 7. Bf4 Bd6 8. Bxd6 Qxd6 9. Nf3 Nbd7 10. e3 O-O 11. O-O Ne4 12. Nxe4 Bxe4 13. Re1 Rfe8 14. Nh4 Bxg2 15. Nxg2 Nf6 16. Qd3 Re7 17. Nh4 g6 18. Nf3 Rae8 19. Re2 Ne4 20. Rae1 Qf6 21. Kg2 Ng5 22. Nxg5 Qxg5 23. b4 a6 24. a4 b5 25. axb5 axb5 26. Rc2 Rc7 27. Rec1 Rec8 28. Rc5 Qe7 29. Ra1 Qd7 30. Qe2 Kg7 31. Qf3 Ra7 32. Qd1 Rxa1 33. Qxa1 Qb7 34. f3 Ra8 35. Qb2 Re8 36. Qc3 Re6 37. e4 dxe4 38. d5+ Rf6 39. fxe4 cxd5 40. exd5 Qd7 41. Qd4 Qe7 42. Rc2 Kg8 43. Rc8+ Kg7 44. Rc2 Kh6 45. Qh4+ Kg7 46. Qd4 h6 47. Rf2 g5 48. Rxf6 Qxf6 49. Qd2 Qd6 50. Kf3 f6 51. Qd4 Kf7 52. Qe4 Kg7 53. Ke3 Kf8 54. Qd4 Ke7 55. Qc5 Qxc5+ 56. bxc5 b4 57. g4 f5 58. gxf5 g4 59. c6 b3 60. Kd2 h5 61. f6+ Kxf6 62. c7 h4 63. c8=Q g3 64. hxg3 hxg3 65. Qg4 b2 66. Kc2 g2 67. Qxg2 Ke5 68. Kxb2 Kd6 69. Qe4 Kc5 70. Kc3 Kb5 71. Qc4+ Ka5 72. Qb4+ Ka6 73. Kc4 Ka7 74. Kc5 Ka6 75. Qb6# 1-0

[Event "Nordic Girls CC 2025 U13"]
[Site "Fredericia"]
[Date "2025.04.26"]
[Round "2.2"]
[White "Larsen, Maja Harbo"]
[Black "Ostafiev, Sara"]
[Result "0-1"]
[WhiteElo "1639"]
[BlackElo "1529"]
[EventDate "2025.04.25"]
[EventType "swiss"]
[EventRounds "5"]
[EventCountry "DEN"]
[SourceTitle "Live v. Kasper Jerwiarz"]

1. d4 d5 2. Nf3 Nf6 3. Bf4 Bf5 4. e3 Nbd7 5. Bd3 e6 6. Bxf5 exf5 7. O-O Ne4 8. c3 g5 9. Bg3 h5 10. h3 h4 11. Bh2 g4 12. hxg4 fxg4 13. Be5 f6 14. Nh2 g3 15. Ng4 gxf2+ 16. Nxf2 fxe5 17. Qg4 Rh6 18. Nd3 Qe7 19. Qg8 O-O-O 20. Qxd5 Ndf6 21. Qc4 h3 22. dxe5 h2+ 23. Kh1 Ng3# 0-1

[Event "Nordic Girls CC 2025 U13"]
[Site "Fredericia"]
[Date "2025.04.26"]
[Round "2.3"]
[White "Jonsdottir, Halldora"]
[Black "Chen, Isabella"]
[Result "1-0"]
[WhiteElo "1490"]
[BlackElo "1597"]
[EventDate "2025.04.25"]
[EventType "swiss"]
[EventRounds "5"]
[EventCountry "DEN"]
[SourceTitle "Live v. Kasper Jerwiarz"]

1. e4 e5 2. Nf3 Nc6 3. Bc4 Bc5 4. d3 Nf6 5. h3 O-O 6. O-O d6 7. Bg5 Be6 8. Bb3 Nd4 9. c3 Nxb3 10. axb3 Re8 11. d4 exd4 12. Nxd4 Bxd4 13. Qxd4 Bxb3 14. Qb4 Bc2 15. Nd2 Bd3 16. Rfe1 Ba6 17. Nf1 c5 18. Qb3 Re6 19. Ng3 Qb6 20. Qxb6 axb6 21. f4 Rae8 22. f5 R6e7 23. Bxf6 gxf6 24. Nh5 Kh8 25. Nxf6 Rc8 26. Nd5 Re5 27. Re3 Rc6 28. Rg3 Rxd5 29. exd5 Rc8 30. Re1 Bc4 31. Re7 Bxd5 32. Rd7 Rg8 33. Rxg8+ Kxg8 34. f6 h6 35. Rxd6 Bc6 36. Kf2 Kh7 37. g4 Kg6 38. Kg3 h5 39. Kf4 b5 40. g5 Kh7 41. h4 Kg8 42. Kf5 Kh7 43. Rd8 Bf3 44. Kf4 Bc6 45. Ke5 c4 46. Kd6 Kg6 47. Ke7 Be4 48. Rf8 Bd5 49. Rg8+ Kh7 50. Rg7+ Kh8 51. Rxf7 Kg8 52. Rf8+ Kh7 53. f7 Kg7 54. Rg8+ Kh7 55. g6+ Kh6 56. f8=Q# 1-0

[Event "Nordic Girls CC 2025 U13"]
[Site "Fredericia"]
[Date "2025.04.26"]
[Round "2.4"]
[White "Karlsdottir, Harpa Hrafney"]
[Black "Tomasdottir, Katrin Osk"]
[Result "0-1"]
[WhiteElo "1587"]
[BlackElo "1481"]
[EventDate "2025.04.25"]
[EventType "swiss"]
[EventRounds "5"]
[EventCountry "DEN"]
[SourceTitle "Live v. Kasper Jerwiarz"]

1. e4 c5 2. Nf3 e6 3. d4 cxd4 4. Nxd4 Nc6 5. Nc3 a6 6. Be3 Qc7 7. Be2 Nf6 8. O-O Bb4 9. Qd3 O-O 10. f4 d6 11. Rad1 e5 12. Nxc6 Qxc6 13. a3 Bxc3 14. bxc3 Qxe4 15. fxe5 Qxd3 16. cxd3 dxe5 17. Bg5 Nd5 18. Rc1 Be6 19. c4 Nb6 20. Bf3 Rab8 21. Rb1 Nd7 22. Rxb7 Rxb7 23. Bxb7 Nc5 24. Be4 Nxe4 25. dxe4 Bxc4 26. Rc1 Bd3 27. Rc5 f6 28. Be3 Bxe4 29. Kf2 Rb8 30. g4 Rb2+ 31. Kg3 Rg2+ 32. Kh3 Rb2 33. Kg3 Rb3 34. Kf2 Rxa3 35. g5 Ra2+ 36. Kg3 Rg2+ 37. Kh3 fxg5 38. Rxe5 g4+ 39. Kh4 Rxh2+ 40. Kxg4 Bd3 41. Rd5 Be4 42. Rd4 Bg6 43. Rd6 a5 44. Ra6 Ra2 45. Kf4 a4 46. Ke5 Bd3 47. Rd6 Bc2 48. Ke6 h5 49. Rd8+ Kh7 50. Kf7 Bb3+ 51. Kf8 Re2 52. Bd4 Re4 53. Bxg7 Rf4+ 54. Ke8 Kxg7 55. Rd7+ Rf7 56. Rd3 Rf6 57. Rg3+ Rg6 58. Rc3 h4 59. Rc7+ Kh6 60. Rc3 Rg3 61. Rc6+ Kg5 62. Rc5+ Kf4 63. Rc7 h3 64. Rc6 Kf3 65. Rf6+ Kg2 66. Rd6 Rf3 67. Rg6+ Rg3 68. Rd6 h2 69. Rd2+ Kf3 70. Rxh2 a3 71. Rh1 Kf2 72. Rc1 a2 73. Kd7 Rg1 74. Rc3 a1=Q 75. Rc6 Rg7+ 76. Kd6 Qd4# 0-1

[Event "Nordic Girls CC 2025 U13"]
[Site "Fredericia"]
[Date "2025.04.26"]
[Round "2.5"]
[White "Le, Ha Tran Dieu"]
[Black "Sinitsyna, Julia"]
[Result "0-1"]
[WhiteElo "1586"]
[BlackElo "1436"]
[EventDate "2025.04.25"]
[EventType "swiss"]
[EventRounds "5"]
[EventCountry "DEN"]
[SourceTitle "Live v. Kasper Jerwiarz"]

1. e4 c6 2. d4 d5 3. e5 Bf5 4. Nf3 e6 5. Bd3 Bxd3 6. Qxd3 c5 7. c3 Nc6 8. a3 cxd4 9. cxd4 Nge7 10. Nc3 a6 11. O-O Ng6 12. Re1 Be7 13. Ne2 O-O 14. Nf4 Nxf4 15. Bxf4 Rc8 16. Rac1 h6 17. h3 Qb6 18. Ra1 Na5 19. b4 Nc4 20. Rec1 Rc6 21. Ra2 Rfc8 22. Rac2 a5 23. Nd2 Nxd2 24. Bxd2 Rxc2 25. Rxc2 Rxc2 26. Qxc2 axb4 27. Qb2 b3 28. Bc3 Qa6 29. Qxb3 Qxa3 30. Qxa3 Bxa3 31. Kf1 b5 32. Ke2 b4 33. Ba1 b3 34. Kd3 b2 35. Bxb2 Bxb2 36. f4 Kh7 37. g4 Kg6 38. h4 h5 39. gxh5+ Kxh5 40. Ke3 Kxh4 41. Kd3 Kg4 42. Ke3 Bxd4+ 43. Kxd4 Kxf4 44. Kd3 Kxe5 45. Ke3 f5 46. Kf3 g5 47. Ke3 d4+ 48. Kd3 g4 49. Ke2 f4 50. Kd2 g3 51. Ke2 d3+ 52. Kxd3 g2 53. Ke2 g1=Q 54. Kf3 Kd4 55. Kxf4 Qf1+ 56. Kg4 Ke5 57. Kg3 Ke4 58. Kg4 Qg1+ 59. Kh5 Kf4 60. Kh6 Kf5 61. Kh7 Kf6 62. Kh8 Qg7# 0-1

[Event "Nordic Girls CC 2025 U13"]
[Site "Fredericia"]
[Date "2025.04.26"]
[Round "2.6"]
[White "Zhu, Stella"]
[Black "Xin, Lisa J"]
[Result "0-1"]
[WhiteElo "1448"]
[BlackElo "1562"]
[EventDate "2025.04.25"]
[EventType "swiss"]
[EventRounds "5"]
[EventCountry "DEN"]
[SourceTitle "Live v. Kasper Jerwiarz"]

1. d4 d5 2. c4 c6 3. Nf3 Nf6 4. Nc3 e6 5. cxd5 exd5 6. Bg5 Be7 7. Qc2 O-O 8. e3 Be6 9. Bd3 Nbd7 10. O-O h6 11. Bf4 Nh5 12. Bg3 Nxg3 13. fxg3 Nf6 14. Ne2 Bd6 15. Nf4 Bd7 16. Rfe1 Re8 17. Nd2 Qc7 18. a3 Ng4 19. Nf1 Re7 20. Re2 Rae8 21. Rae1 Nf6 22. Nd2 Bg4 23. Nf3 g5 24. Nh3 Bxg3 25. hxg3 Qxg3 26. Kf1 Bxh3 27. gxh3 Qxf3+ 28. Rf2 Qxh3+ 29. Kg1 Ng4 30. Rfe2 Qg3+ 31. Kh1 Rxe3 32. Rxe3 Rxe3 33. Rxe3 Nf2+ 34. Qxf2 Qxf2 35. Re8+ Kg7 36. Ra8 Qf3+ 37. Kg1 Qxd3 38. Rxa7 Qxd4+ 39. Kh2 Qxa7 40. Kg3 h5 41. Kh3 Qe3+ 42. Kh2 Qf3 43. a4 h4 44. b4 h3 0-1

[Event "Nordic Girls CC 2025 U13"]
[Site "Fredericia"]
[Date "2025.04.26"]
[Round "2.7"]
[White "Sinding, Mille"]
[Black "Lallukka, Eloisa"]
[Result "0-1"]
[WhiteElo "1500"]
[BlackElo "1635"]
[EventDate "2025.04.25"]
[EventType "swiss"]
[EventRounds "5"]
[EventCountry "DEN"]
[SourceTitle "Live v. Kasper Jerwiarz"]

1. d4 d5 2. Bf4 Nf6 3. Nf3 Bf5 4. e3 e6 5. c4 c5 6. Nc3 a6 7. cxd5 Nxd5 8. Bg3 Qa5 9. Qd2 Nxc3 10. bxc3 Nc6 11. Qb2 b5 12. a4 b4 13. cxb4 Nxb4 14. O-O-O Na2+ 15. Qxa2 Qc3+ 16. Qc2 Qxc2# 0-1

[Event "Nordic Girls CC 2025 U13"]
[Site "Fredericia"]
[Date "2025.04.26"]
[Round "2.8"]
[White "Berglindardottir, Emilia Embla B"]
[Black "Zhong, Qianru"]
[Result "1/2-1/2"]
[WhiteElo "1604"]
[BlackElo "1590"]
[EventDate "2025.04.25"]
[EventType "swiss"]
[EventRounds "5"]
[EventCountry "DEN"]
[SourceTitle "Live v. Kasper Jerwiarz"]

1. d4 d5 2. c4 c6 3. Nf3 Nf6 4. Nc3 dxc4 5. a4 Bf5 6. e3 e6 7. Bxc4 Bd6 8. O-O O-O 9. Bd3 Bxd3 10. Qxd3 Nbd7 11. g3 Re8 12. e4 e5 13. Rd1 Qc7 14. d5 Nc5 15. Qc2 cxd5 16. exd5 a6 17. Bg5 Nce4 18. Bxf6 Nxf6 19. Rac1 Rac8 20. Qe2 Qd7 21. Ng5 h6 22. Nge4 Nxe4 23. Nxe4 Red8 24. b3 Rxc1 25. Rxc1 Bb4 26. Rd1 f5 27. Qc4 a5 28. Nc5 Qf7 29. Ne6 Rd7 30. Qc8+ Kh7 31. Rc1 f4 32. Rc7 Rxc7 33. Qxc7 Qxc7 34. Nxc7 g5 35. f3 h5 1/2-1/2